| 000 | 00616cab a2200241 4500 | ||
|---|---|---|---|
| 001 | ABS60470 | ||
| 008 | 090401t1999 xxu||||| |||| 00| 0 eng d | ||
| 035 | _a(Sirsi) u92814 | ||
| 041 | _aeng | ||
| 100 | _aStamford, A. | ||
| 245 | _aRetail development takes a pause | ||
| 260 | _c1999 | ||
| 350 | _a0 | ||
| 490 |
_aBuilding Intelligence _vApril 1999, 8-9(2) |
||
| 650 | _aCONSTRUCTION MARKET | ||
| 650 | _aOUT-OF-TOWN DEVELOPMENT | ||
| 650 | _aRETAIL DEVELOPMENT | ||
| 650 | _aRETAIL SECTOR | ||
| 650 | _aTOWN CENTRES | ||
| 690 | _aPROPERTY-PROPERTY DEVELOPMENT | ||
| 942 | _n0 | ||
| 948 | _c16/04/1999 | ||
| 999 |
_c58825 _d58825 |
||